000 01090nam a2200253 a 4500
005 20160722113410.0
008 160722t2007 -cnbd|||r|||| 00| 0 eng d
020 _a929225071X
040 _aCO-BoIAVH
_cCO-BoIAVH
041 0 _aeng
044 _acn
082 0 4 _a333.95
_bC95l
245 0 0 _aCross-roads of life on earth :
_bexploring means to meet the 2010 biodiversity target /
_cSecretariat of the Convention on Biological Diversity
260 _aMontreal, Canadá :
_bSecretariat of the Convention on Biological Diversity :
_bNetherlands Environmental Assessment Agency,
_c2007.
300 _a90 páginas :
_bmapas y gráficas a color ;
_c29 x 21 cm.
490 0 _aCBD Technical Series ;
_v31
504 _aIncluye referencias bibliográficas.
650 2 6 _aConservación de la diversidad biológica
_xescenarios
650 2 6 _aBiodiversidad
_xescenarios
650 2 6 _aBiodiversidad
_xpolíticas
710 2 _aSecretariat of the Convention on Biological Diversity
710 2 _aNetherlands Environmental Assessment Agency
942 _cLIBRO
_2ddc
999 _c5707
_d5707